| 000 | 01035nas a2200325 4500 | ||
|---|---|---|---|
| 001 | BR0809163 | ||
| 003 | BR-BrBNA | ||
| 005 | 20231205112657.0 | ||
| 007 | ta | ||
| 008 | 230509b bl.|||p| |||| 00| 00por d | ||
| 040 |
_aBR-BrBNA _bpor _cBiblioteca Nacional de Agricultura |
||
| 041 | _a(Pt) | ||
| 072 | _aL53 | ||
| 100 | 1 | _aSantos, M.H.B. dos | |
| 100 | 1 | _aMoraes, E.P.B.X. de | |
| 100 | 1 | _aChiamenti, A. | |
| 100 | 1 | _aRocha, J.M. da | |
| 100 | 1 | _aPaula, N.R. de O. | |
| 100 | 1 | _aSilva, G. de A. | |
| 100 | 1 | _aLima, P.F. de | |
| 100 | 1 | _aOliveira, M.A.L. de | |
| 245 | 1 | _aDeterminação do período de migração do tubérculo genital na sexagem precoce de fetos ovinos das raças Damara ,Santa Inês e 3/4 Damara -Santa Inês | |
| 650 | _aOVINO | ||
| 650 | _aVAGINA | ||
| 650 | _aULTRA-SOM | ||
| 650 | _aAPARELHO REPRODUTOR | ||
| 773 | 0 |
_tCiência Animal Brasileira (Brazil) _xISSN 1518-2797 _g(Jan-Mar 2007), v. 8(1) p. 111-117 _wBR0809163 |
|
| 909 |
_a202311 _bLúcia _c55 _dLúcia Elande |
||
| 942 |
_2AGRIS _n0 _cANA |
||
| 999 |
_c199324 _d199324 |
||